00421nam a2200181Ia 4500003000400000005001700004008004100021020001500062040000700077041000800084082001700092100003100109245003900140250000700179260002200186300001800208365001300226OSt20230325121217.0210423s2007 xx 000 0 und d a8131503089 cAL aeng a658.403 ANDD aANDERSON (David R);others. aQuantitative methods for business. a10 aUKbThomsonc2007 axviii,822bPB b499cINR